| 000 | 00613nam a2200181 a 4500 | ||
|---|---|---|---|
| 005 | 20230525063542.0 | ||
| 008 | 991125s1973 mx 000 0 spa u | ||
| 035 | _aUPN01000007894 | ||
| 049 | _aLTG | ||
| 050 | 4 |
_aLB1585 _bM6.2 1973 |
|
| 245 | 0 | 0 |
_aCiencias naturales : _bsegundo grado / _cLázaro Blanco ... [et al.]. |
| 250 | _a2a ed. rev. y correg. | ||
| 260 |
_aMéxico : _bSEP, Comisión Nacional de los Libros de Texto Gratuitos, _c1973. |
||
| 300 |
_a95 p. : _bil. col. |
||
| 650 | 4 |
_aCiencias naturales _xEstudio y enseñanza (Elemental) _92812 |
|
| 700 | 1 |
_aBlanco, Lázaro, _ecoaut. _931632 |
|
| 905 | _aLibro | ||
| 999 |
_c7894 _d7894 |
||